书目信息 |
| 题名: |
代数与初等函数
|
|
| 作者: | 方明一 , 孟广烈 编 | |
| 分册: | 第一册 | |
| 出版信息: | 北京 人民教育出版社 1987 |
|
| 页数: | 216页 | |
| 开本: | 19cm | |
| 丛书名: | ||
| 单 册: | ||
| 中图分类: | O122 | |
| 科图分类: | ||
| 主题词: | 初等代数 | |
| 电子资源: | ||
| ISBN: | 7-107-08008-3 | |
| 000 | 00704nam0 2200253 450 | |
| 001 | 0187013572 | |
| 005 | 20100712222121.0 | |
| 010 | @a7-107-08008-3@dCNY0.77 | |
| 011 | @a7-107-08008-3 | |
| 091 | @aK7012.0924 | |
| 100 | @a19951205d1987 em y0chiy0110 ea | |
| 101 | 0 | @achi |
| 102 | @aCN@b110000 | |
| 105 | @ay z 000yy | |
| 106 | @ar | |
| 200 | 1 | @a代数与初等函数@9Dai Shu;Shuo Yu Chu Deng Han Shu;Shuo @f方明一,孟广烈编@h第一册 |
| 210 | @a北京@c人民教育出版社@d1987 | |
| 215 | @a216页@d19cm | |
| 606 | 0 | @a初等代数 |
| 690 | @aO122@v3 | |
| 701 | 0 | @a方明一@9fang ming yi@4编 |
| 701 | 0 | @a孟广烈@9meng guang lie@4编 |
| 801 | 0 | @aCN@b91MARC@c20130904 |
| 905 | @aBZT@dO12@e27:1@f1@sO12/27:1 | |
| 代数与初等函数/方明一,孟广烈编.第一册.-北京:人民教育出版社,1987 |
| 216页;19cm |
| ISBN 7-107-08008-3:CNY0.77 |
| ● |
| 相关链接 |
|
|
|
正题名:代数与初等函数
索取号:O12/27:1
 
预约/预借
| 序号 | 登录号 | 条形码 | 馆藏地/架位号 | 状态 | 备注 |
| 1 | 2000118217 | 2000118217 | 旧书回溯/ [索取号:O12/27:1] | 在馆 |